B32_小学校2年生で習う漢字で書けるようになる市区町村 - Statistics

General Stats
  • This quiz has been taken 15 times
  • The average score is 159 of 212
Answer Stats
都道府県名 種類 市町村名 % Correct
秋田県 秋田市
92%
東京都 特別区 北区
92%
兵庫県 明石市
85%
東京都 あきる野市
85%
三重県 | 富山県 | 山形県 朝日町
85%
長野県 朝日村
85%
大阪府 池田市
85%
北海道 | 岐阜県 | 福井県 | 長野県 池田町
85%
島根県 出雲市
85%
千葉県 市川市
85%
兵庫県 市川町
85%
岩手県 一戸町
85%
千葉県 市原市
85%
島根県 雲南市
85%
福井県 大野市
85%
岐阜県 大野町
85%
兵庫県 小野市
85%
福島県 小野町
85%
富山県 上市町
85%
石川県 川北町
85%
兵庫県 川西市
85%
奈良県 | 山形県 川西町
85%
岩手県 北上市
85%
高知県 北川村
85%
埼玉県 北本市
85%
岩手県 九戸村
85%
高知県 高知市
85%
東京都 国分寺市
85%
青森県 五戸町
85%
青森県 三戸町
85%
青森県 七戸町
85%
東京都 特別区 台東区
85%
高知県 田野町
85%
愛知県 田原市
85%
岡山県 玉野市
85%
埼玉県 戸田市
85%
東京都 特別区 中野区
85%
長野県 中野市
85%
岩手県 二戸市
85%
千葉県 野田市
85%
岩手県 野田村
85%
青森県 八戸市
85%
長野県 原村
85%
北海道 東川町
85%
沖縄県 東村
85%
東京都 日野市
85%
滋賀県 | 鳥取県 日野町
85%
茨城県 水戸市
85%
鳥取県 八頭町
85%
山形県 山形市
85%
長野県 山形村
85%
青森県 六戸町
85%
栃木県 市貝町
77%
新潟県 糸魚川市
77%
山口県 岩国市
77%
和歌山県 岩出市
77%
岩手県 岩手町
77%
山梨県 上野原市
77%
群馬県 上野村
77%
秋田県 羽後町
77%
愛媛県 内子町
77%
大分県 大分市
77%
三重県 大台町
77%
群馬県 太田市
77%
栃木県 大田原市
77%
青森県 大間町
77%
山形県 | 熊本県 小国町
77%
長野県 小谷村
77%
神奈川県 小田原市
77%
新潟県 小千谷市
77%
和歌山県 海南市
77%
奈良県 上北山村
77%
宮崎県 川南町
77%
秋田県 北秋田市
77%
岐阜県 北方町
77%
沖縄県 北大東村
77%
北海道 北見市
77%
和歌山県 北山村
77%
埼玉県 行田市
77%
大分県 国東市
77%
東京都 国立市
77%
青森県 黒石市
77%
長崎県 西海市
77%
高知県 四万十市
77%
高知県 四万十町
77%
奈良県 下北山村
77%
栃木県 下野市
77%
和歌山県 太地町
77%
岐阜県 高山市
77%
群馬県 | 長野県 高山村
77%
三重県 多気町
77%
広島県 竹原市
77%
千葉県 多古町
77%
愛知県 知多市
77%
鹿児島県 知名町
77%
千葉県 長生村
77%
愛知県 東海市
77%
茨城県 東海村
77%
青森県 東北町
77%
岩手県 遠野市
77%
三重県 鳥羽市
77%
山口県 長門市
77%
長野県 長野市
77%
高知県 南国市
77%
岡山県 新見市
77%
山形県 西川町
77%
東京都 西東京市
77%
沖縄県 西原町
77%
熊本県 西原村
77%
宮崎県 日南市
77%
鳥取県 日南町
77%
栃木県 日光市
77%
栃木県 野木町
77%
石川県 野々市市
77%
長野県 白馬村
77%
埼玉県 羽生市
77%
東京都 羽村市
77%
香川県 東かがわ市
77%
東京都 東村山市
77%
山口県 光市
77%
埼玉県 日高市
77%
北海道 | 和歌山県 日高町
77%
高知県 日高村
77%
山梨県 南アルプス市
77%
兵庫県 南あわじ市
77%
鹿児島県 南さつま市
77%
沖縄県 南大東村
77%
愛知県 南知多町
77%
広島県 三原市
77%
高知県 三原村
77%
東京都 特別区 目黒区
77%
北海道 八雲町
77%
神奈川県 山北町
77%
宮城県 山元町
77%
三重県 四日市市
77%
鳥取県 米子市
77%
兵庫県 朝来市
69%
埼玉県 入間市
69%
北海道 岩内町
69%
長野県 売木村
69%
広島県 海田町
69%
宮城県 角田市
69%
福岡県 春日市
69%
大阪府 交野市
69%
群馬県 川場村
69%
千葉県 九十九里町
69%
沖縄県 国頭村
69%
福島県 国見町
69%
長野県 小海町
69%
奈良県 下市町
69%
兵庫県 | 大阪府 太子町
69%
大阪府 大東市
69%
大阪府 高石市
69%
熊本県 | 長野県 高森町
69%
千葉県 長南町
69%
奈良県 天理市
69%
千葉県 東金市
69%
群馬県 長野原町
69%
福岡県 中間市
69%
徳島県 鳴門市
69%
福岡県 直方市
69%
愛知県 半田市
69%
岐阜県 東白川村
69%
青森県 東通村
69%
徳島県 東みよし町
69%
和歌山県 日高川町
69%
福島県 広野町
69%
東京都 特別区 文京区
69%
滋賀県 米原市
69%
鳥取県 三朝町
69%
熊本県 南小国町
69%
高知県 室戸市
69%
長野県 山ノ内町
69%
奈良県 王寺町
62%
宮崎県 門川町
62%
埼玉県 上里町
62%
福島県 川内村
62%
和歌山県 高野町
62%
北海道 新ひだか町
62%
奈良県 田原本町
62%
愛知県 知立市
62%
茨城県 行方市
62%
沖縄県 南風原町
62%
福岡県 広川町
62%
埼玉県 ふじみ野市
62%
福島県 三春町
62%
沖縄県 読谷村
62%
北海道 今金町
54%
北海道 木古内町
54%
熊本県 玉東町
54%
福岡県 上毛町
54%
福島県 新地町
54%
宮崎県 高原町
54%
沖縄県 北谷町
54%
和歌山県 広川町
54%
宮城県 丸森町
54%
北海道 上ノ国町
46%
北海道 知内町
38%
長野県 立科町
38%
北海道 月形町
23%
No matching quizzes found
Score Distribution
Percent of People with Each Score
Percentile by Number Answered
Your Score History
You have not taken this quiz